Laporan Tahunan 1956
| Corporate Author: | |
|---|---|
| Format: | Book |
| Published: |
Kuala Lumpur :
Felda ,
1956
|
| Subjects: |
MARC
| LEADER | 00000cam a2200000 7i4500 | ||
|---|---|---|---|
| 001 | 0000002672 | ||
| 005 | 20030603.0 | ||
| 040 | |a INS | ||
| 090 | 0 | 0 | |a HD890.6 |b M54 1956 |
| 245 | 0 | 0 | |a Laporan Tahunan 1956 |c Felda |
| 260 | |a Kuala Lumpur : |b Felda , |c 1956 | ||
| 500 | |a Discription based on Laporan Tahunan 1984 Annually | ||
| 650 | 0 | 0 | |a Real Estate Development |z Malaysia |
| 710 | 2 | |a Lembaga Kemajuan Tanah Persekutuan | |
| 999 | |a 0000000973 |b BOOK |c Open Shelf |e Default branch | ||